000 01247nam2a2200289 4500
001 RU\NLR\BIBL_A\010751969
005 20250809152644.0
035 _a(NLR Aleph) 010751969
090 _a86014
_c86014
100 _a20250809 rusy50
135 _acrgn 008anaba
200 0 _a1942, № 186 (5214) (19 нояб.)
210 _d1942
325 1 _aКопия доступна в электронной библиотеке РНБ
461 0 _1001RU\NLR\BIBL_A\010707649
_12001#$aСмена$v1942, № 186 (5214) (19 нояб.)
852 _aNLR
_jЛ2
856 0 _uhttp://vivaldi.nlr.ru/pn000153475/view
856 1 _uhttp://vivaldi.nlr.ru/pn000153475/cover
856 2 _uhttp://vivaldi.nlr.ru/pn000153475/text
901 _eГазеты
942 _cISSNP
945 _aРоссийская национальная библиотека
980 _aNB
980 _aBV
981 3 7 _a(37) Ленинград в Великой Отечественной войне
_b(37) Газеты блокадного Ленинграда
981 2 7 _a(27) Периодические издания
_b(27) Газеты